Príspevok na rekreáciu a príspevok na športovú činnosť od 1. januára 2025

Tento článok sa venuje téme príspevku na rekreáciu zamestnancov, ale aj príspevku na športovú činnosť dieťaťa, a to nielen z pohľadu Zákonníka práce vo svetle oboch noviel, ale aj z pohľadu povinností podľa nariadenia GDPR.

Salvato in:
Dettagli Bibliografici
Autore principale: Mičudová, Tatiana
Natura: Capitolo di libro
Lingua:slovacco
Soggetti:
Tags: Aggiungi Tag
Nessun Tag, puoi essere il primo ad aggiungerne!!

MARC

LEADER 00000naa a2200000 4500
001 0306664
005 20250204121958.7
041 0 |a slo 
044 |a SK 
245 1 0 |a Príspevok na rekreáciu a príspevok na športovú činnosť od 1. januára 2025  |c Tatiana Mičudová 
520 |a Tento článok sa venuje téme príspevku na rekreáciu zamestnancov, ale aj príspevku na športovú činnosť dieťaťa, a to nielen z pohľadu Zákonníka práce vo svetle oboch noviel, ale aj z pohľadu povinností podľa nariadenia GDPR. 
610 2 0 |a personalistika 
610 2 0 |a zákonník práce 
610 2 0 |a zákonodarstvo 
610 2 0 |a právo 
610 2 0 |a rekreácia 
610 2 0 |a šport 
100 1 |a Mičudová, Tatiana